| 000 | 01438cam a2200385 a 4500 | ||
|---|---|---|---|
| 001 | 15601394 | ||
| 003 | OSt | ||
| 005 | 20211209103410.0 | ||
| 008 | 090127s2010 flua b 001 0 eng | ||
| 010 | _a 2009003653 | ||
| 015 |
_aGBA945127 _2bnb |
||
| 016 | 7 |
_a015175508 _2Uk |
|
| 020 | _a9781420070606 (alk. paper) | ||
| 035 | _a(OCoLC)ocn166872497 | ||
| 038 | _aKhadija | ||
| 040 |
_aDLC _cDLC _dBTCTA _dBAKER _dUKM _dYDXCP _dC#P _dBWX _dCDX _dDLC |
||
| 050 | 0 | 0 |
_aTS170 _b.M34 2010 |
| 082 | 0 | 0 |
_a658.575 _222 _bINT |
| 245 | 0 | 0 |
_aIntegrated product and process design and development : _bthe product realization process / _cEdward B. Magrab ... [et al.]. |
| 250 | _a2nd ed. | ||
| 260 |
_aBoca Raton, FL : _bCRC Press, _cc2010. |
||
| 300 |
_axviii, 333 p. : _bill. ; _c26 cm. |
||
| 500 | _aPrev. ed. entered under Edward B. Magrab. | ||
| 504 | _aIncludes bibliographical references and index. | ||
| 563 | _aHB | ||
| 650 | 0 |
_aNew products. _986153 |
|
| 650 | 0 |
_aProduction engineering. _986154 |
|
| 650 | 0 |
_aIndustrial design. _986155 |
|
| 650 | 0 |
_aQuality control. _986156 |
|
| 700 | 1 |
_aMagrab, Edward B. _986157 |
|
| 700 | 1 |
_aMagrab, Edward B. _tIntegrated product and process design and development. _986158 |
|
| 906 |
_a7 _bcbc _corignew _d1 _eecip _f20 _gy-gencatlg |
||
| 942 |
_2ddc _cBK |
||
| 999 |
_c32444 _d32444 |
||